| 000 | 00596nam a2200181 i 4500 | ||
|---|---|---|---|
| 001 | 54261 | ||
| 003 | ES-MaACL | ||
| 005 | 20250721143718.0 | ||
| 007 | t| | ||
| 008 | 940202s1874 sp |||| | spa d | ||
| 100 | 1 |
_aFlammarion, Camille, _d1842-1925 _951110 |
|
| 245 | 1 | 0 |
_aContemplaciones científicas / _cobra escrita en francés por Camilo Flammarion ; y traducida al español por Juan Sala. |
| 260 |
_aMadrid : _bImp. de Gaspar y Roig, _c1874. |
||
| 300 |
_aVIII, 449 p. ; _c20 cm. |
||
| 700 | 1 |
_aSala, Juan. _9101648 |
|
| 852 |
_aES-MaACL _jD-4700 |
||
| 999 |
_c54261 _d54261 |
||